Nationale, städtische und kirchlich-religiöse Erinnerungsorte: Unterscheidungsversuche im Geiste Pierre Noras am Beispiel der baltischen Großstädte Riga und Tartu

Saved in:  
Bibliographic Details
Main Author: Fülberth, Andreas 1968- (Author)
Format: Print Article
Language:German
Check availability: HBZ Gateway
Interlibrary Loan:Interlibrary Loan for the Fachinformationsdienste (Specialized Information Services in Germany)
Published: 2017
In: Religionsgeschichtliche Studien zum östlichen Europa
Year: 2017, Pages: 307-322

MARC

LEADER 00000naa a22000002c 4500
001 1735706396
003 DE-627
005 20201016045012.0
007 tu
008 201016s2017 xx ||||| 00| ||ger c
020 |a 9783515117685 
035 |a (DE-627)1735706396 
035 |a (DE-599)KXP1735706396 
040 |a DE-627  |b ger  |c DE-627  |e rda 
041 |a ger 
084 |a 0  |2 ssgn 
100 1 |e VerfasserIn  |0 (DE-588)130544728  |0 (DE-627)503371688  |0 (DE-576)298260174  |4 aut  |a Fülberth, Andreas  |d 1968- 
109 |a Fülberth, Andreas 1968- 
245 1 0 |a Nationale, städtische und kirchlich-religiöse Erinnerungsorte  |b Unterscheidungsversuche im Geiste Pierre Noras am Beispiel der baltischen Großstädte Riga und Tartu 
264 1 |c 2017 
336 |a Text  |b txt  |2 rdacontent 
337 |a ohne Hilfsmittel zu benutzen  |b n  |2 rdamedia 
338 |a Band  |b nc  |2 rdacarrier 
601 |a Erinnerungsort 
601 |a Beispiel 
601 |a Großstadt 
773 0 8 |i Enthalten in  |t Religionsgeschichtliche Studien zum östlichen Europa  |d Stuttgart : Franz Steiner Verlag, 2017  |g (2017), Seite 307-322  |h 364 Seiten  |w (DE-627)894146246  |w (DE-576)491185588  |z 9783515117685  |7 nnam 
773 1 8 |g year:2017  |g pages:307-322 
935 |a mteo 
951 |a AR 
ELC |b 1 
ITA |a 1  |t 1 
LOK |0 000 xxxxxcx a22 zn 4500 
LOK |0 001 378048627X 
LOK |0 003 DE-627 
LOK |0 004 1735706396 
LOK |0 005 20201016045012 
LOK |0 008 201016||||||||||||||||ger||||||| 
LOK |0 035   |a (DE-Tue135)894146246_2017_307 
LOK |0 040   |a DE-Tue135  |c DE-627  |d DE-Tue135 
LOK |0 092   |o n 
LOK |0 852   |a DE-Tue135 
LOK |0 852 1  |9 00 
LOK |0 935   |a imwa  |a ixau  |a rwrk 
LOK |0 939   |a 16-10-20  |b l01 
ORI |a SA-MARC-ixtheoa001.raw 
REL |a 1 
SUB |a REL